Constantine and the conversion of Europe /

محفوظ في:

المؤلف الرئيسي: Jones, A. H. M., 1904-1970 (مؤلف)

التنسيق: كتاب

اللغة: English

منشور في: London : Hodder & Stoughton, [1948].

سلاسل: Teach yourself history library.

الموضوعات:

الوسوم: إضافة وسم

لا توجد وسوم, كن أول من يضع وسما على هذه التسجيلة!

رقم الطلب: BR180 .J6 1948

LEADER 00958nam a2200289Ia 4500
001 3898
003 OSt
005 20251008101233.0
008 130303s1948 enkb b 001 0beng d
010 |a 49020182 
035 |a ocm09775396 
040 |c ARCE Library 
043 |a e------ 
050 4 |a BR180 .J6 1948 
100 1 |a Jones, A. H. M.,   |q (Arnold Hugh Martin),   |d 1904-1970,   |e author 
245 1 0 |a Constantine and the conversion of Europe /  |c by A. H. M. Jones. 
264 1 |a London :   |b Hodder & Stoughton,   |c [1948]. 
300 |a xiv, 271 pages :  |b maps ;  |c 18 cm. 
490 0 |a Teach yourself history library. 
500 |a "Maps on lining papers". 
504 |a Includes bibliographical references (page 259-260) and index. 
600 0 0 |a Constantine  |b I,  |c Emperor of Rome,  |d -337  |x Religion. 
650 0 |a Church history  |y Primitive and early church, ca. 30-600. 
650 0 |a Missions  |z Europe. 
901 |a reviewed 
942 |c BK  |2 lcc 
999 |c 3157  |d 3157